| 000 | 01209aam a2200313 i 4500 | ||
|---|---|---|---|
| 001 | 69423 | ||
| 003 | Mx-PuUPA | ||
| 005 | 20220302075622.0 | ||
| 008 | 211126i2019 |||a|||fr|||| 001 0 spa d | ||
| 020 | _a9786073016353 | ||
| 040 |
_aMx-PuUPA _bspa _cMx-PuUPA _dMx-PuUPA _erda |
||
| 041 | 0 | _aspa | |
| 245 | 0 | 0 |
_aOftalmología en la práctica de la medicina general / _cEnrique Graue Hernández, Enrique Graue Wiechers, [editores] |
| 250 | _aQuinta edición | ||
| 264 | 1 |
_aMéxico, Ciudad de México : _bUniversidad Nacional Autónoma de México : McGraw-Hill Interamericana, _c2019 _c©2020 |
|
| 300 |
_ax, 452 páginas : _bilustraciones ; _c23 cm |
||
| 336 |
_2rdacontent _atexto _btxt |
||
| 336 |
_2rdacontent _aimagen fija _bsti |
||
| 337 |
_2rdamedia _asin medio _bn |
||
| 338 |
_2rdacarrier _avolumen _bnc |
||
| 650 | 7 |
_2armarc _aOftalmología |
|
| 650 | 7 |
_2armarc _aOjos _xEnfermedades y defectos |
|
| 700 | 1 |
_aGraue Hernández, Enrique, _eeditor _eautor _911769 |
|
| 700 | 1 |
_aGraue Wiechers, Enrique, _eeditor _eautor |
|
| 942 |
_2ddc _h617.7 _iO33 _cLI |
||
| 999 |
_c69423 _d69423 |
||